header

Interfacial phenomena in chromatography (Record no. 76087)

MARC details
000 -LEADER
fixed length control field 01280nam a2200325 a 4500
082 04 - DEWEY DECIMAL CLASSIFICATION NUMBER
Classification number 543/.089
245 00 - TITLE STATEMENT
Title Interfacial phenomena in chromatography
260 ## - PUBLICATION, DISTRIBUTION, ETC. (IMPRINT)
Place of publication New York :
Name of publisher M. Dekker,
Year of publication 1999.
300 ## - PHYSICAL DESCRIPTION
Number of Pages vii, 448 p. :
Other physical details ill.
490 1# - SERIES STATEMENT
Series statement Surfactant science series ;
650 #0 - SUBJECT ADDED ENTRY--TOPICAL TERM
Topical Term Chromatographic analysis
Topical Term Interfaces (Physical sciences)
700 1# - ADDED ENTRY--PERSONAL NAME
Personal name Pefferkorn, E.
856 40 - ELECTRONIC LOCATION AND ACCESS
Uniform Resource Identifier http://site.ebrary.com/lib/rucke/Doc?id=10051463

No items available.

© 2026 Rongo University
Contact us: librarian | system librarian | Rongo university